Полное собраніе сочиненій Л. Н. Толстого (Запис № 416727)

МАРК-запис
000 -Лідер
fixed length control field 00763nam a22002537a 4500
001 - Контрольний номер
control field 129032
003 - Ідентифікатор контрольного номера
control field UA-OsUOA
005 - Дата та час останнього входження (трансакції)
control field 20220407211825.0
007 - Фіксоване поле фізичного опису
fixed length control field ta
008 - Елементи даних фіксованої довжини – загальна інформація
fixed length control field 20180214b un ||||| |||| 00| 0 ukr d
040 ## - Джерело каталогізації
Агенція оригінальної каталогізації UA-OsUOA
Мова каталогізації rus
Агенція, яка здійснювала перезапис UA-OsUOA
Агенція, яка здійснювала модифікацію UA-OsUOA
041 ## - Код мови
Код мови тексту/ звукової доріжки чи окремого заголовка (П) rus
080 ## - Індекс Універсальної десяткової класифікації
Індекс Універсальної десяткової класифікації (УДК) (НП) 821.161.1
090 ## - Локальний шифр розміщення
Класифікаційний індекс УДК 821.161.1
Авторський знак (НП) Т52
245 ## - Відомості про назву
Назва (НП) Полное собраніе сочиненій Л. Н. Толстого
Дані про відповідальність (НП) подъ ред. П. И. Бирюкова
260 ## - Публікація, розповсюдження і т.п. (Вихідні дані)
Місце публікації, розповсюдження і т.п. (П) М.
Ім’я/ наймення видавництва, розповсюджувача і т.п. (П) И. Д. Сытина
Дата публікації, розповсюдження і т.п. (П) 1913
300 ## - Фізичний опис
Обсяг 322 с.
505 ## - Форматована примітка про зміст
Змішана інформація Т. 17
650 #7 - Додаткове предметне введення – тематичний термін
Тематичний термін чи географічна назва, як елемент введення (НП) 821 Художня література
Джерело заголовка чи терміна UDC
700 1# - Додаткове введення – ім'я особи
Ім’я особи (НП) Бирюков П. И.
Термін відношення ред.
942 ## - Додаткові елементи входу (Коха)
Тип елемента Koha Рідкісне/цінне видання
Source of classification or shelving scheme Universal Decimal Classification
955 ## - Код типу видання за змістом
Код типу видання за змістом (НП) Літературно-художні видання
Фонди
Стан вилучень Стан втрат Джерело класифікації або схеми стелажів Стан уражень Не для кредиту Код колекції Постійне місце розташування Поточне розміщення Дата придбання Джерело придбання Вартість, звичайна ціна покупки Послідовне перерахування / хронологія Інвентарний номер Повний номер виклику Штрих-код Дата останнього перегляду Ціна ефективна від Тип елемента Koha
    Universal Decimal Classification     Колекція Жулинського М.Г. АБ - Абонемент НБ АБ - Абонемент НБ 14/02/2018 2/2018 20.00 Т. 17 157884 821.161.1 Т52 157884 06/12/2021 14/02/2018 Рідкісне/цінне видання